[Event "DVM U14 2014"]
[Site "Regensburg GER"]
[Date "2014.12.27"]
[Round "2"]
[White "Walk, Maximilian"]
[Black "Gomolinsky, Phil"]
[Result "1/2-1/2"]
[Termination "normal"]
[Board "9.2"]
[WhiteElo "1413"]
[BlackElo "1527"]
[WhiteTeam "Frankfurter TV 1860"]
[BlackTeam "SC Porta Westfalica"]
[PlyCount "92"]
[WhiteFideId "16200810"]
[BlackFideId "16200730"]
[EventCountry "GER"]
[EventRounds "7"]
[EventType "team-swiss"]
[EventDate "2014.12.26"]

1. e4 c5 2. Nf3 Nc6 3. d4 cxd4 4. Nxd4 g6 5. Nc3 Bg7 6. Nb3 Nf6 7. Be2 O-O 8.
O-O d5 9. exd5 Nb4 10. Bf3 Bf5 11. Nd4 Qd7 12. a3 Na6 13. Re1 Rfe8 14. Nxf5
gxf5 15. Be3 Nc7 16. Qd2 Ng4 17. Bf4 Nb5 18. Nxb5 Qxb5 19. c3 Rad8 20. Rad1 e5
21. Bxg4 fxg4 22. Bg3 Rd6 23. Re4 f5 24. Rb4 Qd7 25. Bh4 f4 26. Qd3 Rh6 27. g3
Bf6 28. Bxf6 Rxf6 29. Qb5 Re7 30. Qxd7 Rxd7 31. Kf1 fxg3 32. Rxg4+ Kf8 33. hxg3
b5 34. Ke2 Rfd6 35. Ke3 Rxd5 36. Rxd5 Rxd5 37. b4 Kf7 38. Ke4 Rd2 39. Kxe5 Rxf2
40. Rf4+ Rxf4 41. Kxf4 Kf6 42. g4 h6 43. Kf3 Kg6 44. Kg3 Kg5 45. Kh3 Kf6 46.
Kh4 Kg6 1/2-1/2

[Event "DVM U14 2014"]
[Site "Regensburg GER"]
[Date "2014.12.27"]
[Round "2"]
[White "Liebelt, Jonas"]
[Black "Tessier, Leo"]
[Result "0-1"]
[Termination "normal"]
[Board "9.3"]
[WhiteElo "1326"]
[BlackElo "1346"]
[WhiteTeam "SC Porta Westfalica"]
[BlackTeam "Frankfurter TV 1860"]
[PlyCount "146"]
[WhiteFideId "16200748"]
[BlackFideId "36034487"]
[EventCountry "GER"]
[EventRounds "7"]
[EventType "team-swiss"]
[EventDate "2014.12.26"]

1. e4 e5 2. Nf3 Nc6 3. Bb5 Bc5 4. O-O d6 5. Re1 Nf6 6. c3 O-O 7. d4 exd4 8.
cxd4 Bb6 9. Bg5 Bg4 10. Be2 Bxf3 11. Bxf3 Bxd4 12. Qd2 Qd7 13. Nc3 Ng4 14. Bh4
Bb6 15. Qf4 Nce5 16. Rad1 Nxf3+ 17. Qxf3 Ne5 18. Qe2 Ba5 19. Bg3 f6 20. Qc2 Qc6
21. Rd5 Bb6 22. Qb3 Qc4 23. Qc2 Bd4 24. Rd1 Bxc3 25. bxc3 a5 26. R1d4 Qc6 27.
Qb3 Kh8 28. f4 Nd7 29. Bf2 Nc5 30. Qc2 Ne6 31. Rd1 Nxf4 32. Rf5 Ne6 33. Rh5 Ng5
34. Rh4 h6 35. Be3 Rae8 36. Rd5 Re5 37. c4 Rfe8 38. Bxg5 fxg5 39. Rxe5 Rxe5 40.
Rg4 b5 41. Qf2 Qxc4 42. Qa7 Qc5+ 43. Qxc5 Rxc5 44. Rg3 Re5 45. Re3 d5 46. Rc3
Rxe4 47. Rxc7 Rc4 48. Rb7 Rc5 49. Kf2 Kh7 50. Ke3 Kg6 51. Kd4 Rc2 52. Kxd5 Rxg2
53. Rxb5 Rxa2 54. h3 Rh2 55. Rxa5 Rxh3 56. Ke4 Kh5 57. Ra7 g6 58. Ra2 g4 59.
Rg2 Kg5 60. Ra2 h5 61. Ra5+ Kh4 62. Ra4 Rf3 63. Ra1 Kh3 64. Rb1 Kg2 65. Rb6 h4
66. Rxg6 g3 67. Rc6 Rf2 68. Rc1 h3 69. Ke3 h2 70. Kd3 h1=Q 71. Rxh1 Kxh1 72.
Ke3 Kh2 73. Kd3 g2 0-1

[Event "DVM U14 2014"]
[Site "Regensburg GER"]
[Date "2014.12.27"]
[Round "2"]
[White "Stankoski, Aleksandr"]
[Black "Götz, Michael"]
[Result "0-1"]
[Termination "normal"]
[Board "9.4"]
[WhiteElo "1197"]
[BlackElo "1314"]
[WhiteTeam "Frankfurter TV 1860"]
[BlackTeam "SC Porta Westfalica"]
[PlyCount "92"]
[WhiteFideId "16200829"]
[BlackFideId "16200756"]
[EventCountry "GER"]
[EventRounds "7"]
[EventType "team-swiss"]
[EventDate "2014.12.26"]

1. e4 {[%emt 0:00:00]} c5 2. Nf3 Nc6 3. Nc3 g6 4. d4 Bg7 5. dxc5 Nf6 6. Be3 Qa5
7. Bc4 Nxe4 8. O-O Nxc3 9. bxc3 Qxc3 10. Qd3 Qf6 11. Rfe1 O-O 12. Bg5 Qb2 13.
Rab1 Qc3 14. Bxe7 Nxe7 15. Rxe7 Qf6 16. Rbe1 Qc6 17. Ng5 b6 18. Bxf7+ Kh8 19.
Re8 Bb7 20. R1e4 Raxe8 21. Bxe8 Qf6 22. Nf7+ Rxf7 23. Bxf7 Bxe4 24. Qe2 Qa1+
25. Qf1 bxc5 26. Qxa1 Bxa1 27. c4 Bd3 28. f3 Bd4+ 29. Kh1 Kg7 30. Bd5 Bf5 31.
g3 Bh3 32. a4 Kf8 33. a5 Bf1 34. h4 Ke7 35. Kh2 h5 36. Kh1 Kf6 37. Kh2 g5 38.
hxg5+ Kxg5 39. Bf7 Kh6 40. Bd5 Kg7 41. Kh1 Kf6 42. Kh2 Ke5 43. Bf7 Kf6 44. Bxh5
Bxc4 45. Kh3 Be6+ 46. g4 Kg5 0-1

[Event "DVM U14 2014"]
[Site "Regensburg GER"]
[Date "2014.12.27"]
[Round "2"]
[White "Stirner, Christof"]
[Black "Färber, David"]
[Result "0-1"]
[Termination "normal"]
[Board "10.1"]
[WhiteElo "1404"]
[BlackElo "1770"]
[WhiteTeam "SR Spaichingen"]
[BlackTeam "SV 1947 Walldorf"]
[PlyCount "122"]
[WhiteFideId "16200837"]
[BlackFideId "12971294"]
[EventCountry "GER"]
[EventRounds "7"]
[EventType "team-swiss"]
[EventDate "2014.12.26"]

1. c4 e5 2. Nc3 Nf6 3. g3 Nc6 4. Bg2 Bb4 5. e3 O-O 6. Nge2 d6 7. O-O Be6 8. b3
Qd7 9. Bb2 Bh3 10. Kh1 Bxg2+ 11. Kxg2 Rae8 12. d3 Ne7 13. a3 Ba5 14. Qc2 Bb6
15. Rfd1 Nf5 16. Bc1 Ng4 17. Qb2 Qc6+ 18. Nd5 Ne7 19. Nec3 f5 20. Kg1 Nxd5 21.
Nxd5 Nf6 22. Nxf6+ Rxf6 23. Qe2 Ree6 24. Qh5 Qe8 25. Qxe8+ Rxe8 26. d4 exd4 27.
exd4 Rfe6 28. Be3 Re4 29. Rd3 c6 30. Rad1 Bc7 31. d5 c5 32. Kg2 h6 33. h4 Kf7
34. Kf3 Kf6 35. Rg1 g5 36. hxg5+ hxg5 37. Rgd1 Kg6 38. Kg2 Bd8 39. Kf1 Bf6 40.
Bc1 Be5 41. Re3 Rxe3 42. Bxe3 f4 43. gxf4 Bxf4 44. Bxf4 gxf4 45. Kg2 Re2 46.
Kf3 Rb2 47. Rd3 Kf5 48. Rc3 a5 49. a4 Rb1 50. Kg2 Kg4 51. Rd3 Rc1 52. Rd2 Rc3
53. Rb2 f3+ 54. Kh2 Kh4 55. Rb1 Rc2 56. Kg1 Kh3 57. Kf1 Kh2 58. Ke1 Kg2 59. Kd1
Rxf2 60. b4 Rf1+ 61. Kc2 axb4 0-1

[Event "DVM U14 2014"]
[Site "Regensburg GER"]
[Date "2014.12.27"]
[Round "2"]
[White "Hartmann, Cora"]
[Black "Klein, Sebastian"]
[Result "1-0"]
[Termination "normal"]
[Board "10.2"]
[WhiteElo "1484"]
[BlackElo "1303"]
[WhiteTeam "SV 1947 Walldorf"]
[BlackTeam "SR Spaichingen"]
[PlyCount "77"]
[WhiteFideId "16200764"]
[BlackFideId "16200845"]
[EventCountry "GER"]
[EventRounds "7"]
[EventType "team-swiss"]
[EventDate "2014.12.26"]

1. e4 {[%emt 0:00:00]} c5 2. Nf3 Nc6 3. d3 g6 4. Nc3 Bg7 5. Be2 Nf6 6. O-O d6
7. Bg5 O-O 8. Qd2 d5 9. Rab1 dxe4 10. dxe4 Qxd2 11. Nxd2 b6 12. Bf3 e5 13. Nc4
Be6 14. Ne3 h6 15. Bxf6 Bxf6 16. Ncd5 Kg7 17. Rbd1 Rad8 18. c3 Rd7 19. Nxf6
Kxf6 20. Rxd7 Bxd7 21. Rd1 Rd8 22. Bg4 Ke7 23. Nd5+ Kf8 24. Nf6 Bxg4 25. Rxd8+
Nxd8 26. Nxg4 h5 27. Nxe5 Ke7 28. f4 Ke6 29. g3 Nb7 30. Kf2 Nd6 31. Kf3 f5 32.
exf5+ Nxf5 33. Nxg6 Kf6 34. Ne5 h4 35. gxh4 Nxh4+ 36. Kg4 Nf5 37. b3 a6 38. h4
b5 39. Nd7+ 1-0

[Event "DVM U14 2014"]
[Site "Regensburg GER"]
[Date "2014.12.27"]
[Round "2"]
[White "Molitor, Marwin"]
[Black "Baureis, Julian"]
[Result "0-1"]
[Termination "normal"]
[Board "10.3"]
[WhiteElo "1175"]
[BlackElo "1358"]
[WhiteTeam "SR Spaichingen"]
[BlackTeam "SV 1947 Walldorf"]
[PlyCount "54"]
[WhiteFideId "16200853"]
[BlackFideId "12991112"]
[EventCountry "GER"]
[EventRounds "7"]
[EventType "team-swiss"]
[EventDate "2014.12.26"]

1. e4 c5 2. Nf3 e6 3. d4 cxd4 4. Nxd4 a6 5. Nc3 Qc7 6. Bd3 Nf6 7. Bd2 Bc5 8.
Nf3 Nc6 9. Qe2 d6 10. O-O-O b5 11. Be3 Qa5 12. Bxc5 dxc5 13. a3 Rb8 14. e5 Nd7
15. Be4 Ndxe5 16. Nxe5 Nxe5 17. Bf3 Nxf3 18. Qxf3 O-O 19. Qg3 Bb7 20. h4 b4 21.
axb4 Qxb4 22. h5 Bxg2 23. Qxg2 Qxb2+ 24. Kd2 Rfd8+ 25. Ke2 Qxc2+ 26. Kf3 Qxc3+
27. Kg4 Rb4+ 0-1

[Event "DVM U14 2014"]
[Site "Regensburg GER"]
[Date "2014.12.27"]
[Round "2"]
[White "Brede, Robert"]
[Black "Zetto, Markus"]
[Result "1-0"]
[Termination "normal"]
[Board "10.4"]
[WhiteElo "1294"]
[BlackElo "1081"]
[WhiteTeam "SV 1947 Walldorf"]
[BlackTeam "SR Spaichingen"]
[PlyCount "113"]
[WhiteFideId "12971405"]
[BlackFideId "16200861"]
[EventCountry "GER"]
[EventRounds "7"]
[EventType "team-swiss"]
[EventDate "2014.12.26"]

1. c4 e5 2. Nc3 Nf6 3. g3 Bc5 4. Bg2 Nc6 5. Nf3 d6 6. O-O Be6 7. d3 Qd7 8. Bh1
Bh3 9. Re1 Ng4 10. Ne4 Bb6 11. Nfg5 Nf6 12. Nxh3 Qxh3 13. Bg2 Qf5 14. Rf1 Ng4
15. Bd2 O-O-O 16. b4 Qh5 17. h3 Nf6 18. Nxf6 gxf6 19. e3 Qg6 20. Qg4+ Qxg4 21.
hxg4 h5 22. gxh5 Rxh5 23. a4 a6 24. Rfb1 d5 25. c5 Ba7 26. b5 axb5 27. axb5
Bxc5 28. bxc6 bxc6 29. Rc1 Bb6 30. Rxc6 Rd6 31. Rac1 Kd7 32. Rxd6+ Kxd6 33.
Bb4+ Ke6 34. Rc6+ Kf5 35. Be7 Rh6 36. Bxd5 Kg5 37. Bxf7 Kf5 38. Bd5 Kg5 39. Be4
Kg4 40. Rxf6 Rxf6 41. Bxf6 Kh5 42. Bxe5 Kh6 43. Bd4 Kg5 44. f3 c5 45. Bc3 Bc7
46. f4+ Kg4 47. Kf2 Kh5 48. f5 Bd6 49. Kf3 Kh6 50. g4 Kh7 51. g5 Kg8 52. Bd5+
Kh7 53. g6+ Kh6 54. g7 Be5 55. g8=Q Kh5 56. Qg6+ Kh4 57. Qg4# 1-0